000 00750nam a2200265Ia 4500
001 1090
005 20240113233444.0
007 ta
008 050201s1990 a g b000 u eng u
020 _a81-208-0426-0
_cRs 750
040 _aRef. stack
041 _aeng
082 _a181.403
_bPo 851 En
100 _aCoward, Harold G .
245 0 _aEncyclopedia of Indian philosophies /
_cHarold G. Coward and K. Kunjunni Raja ed.
_hTextual Documents
250 _a1st ed /
260 _aDelhi :
_bMotilal Banarsidass Publishers ,
_c1990.
300 _a609p. :
_bill ;
_c24cm
_e21cm. .
362 _aVol. V-
365 _aRs 750
653 _aEncyclopaedia - philosophy
942 _2ddc
_cBK
999 _c1088
_d1088